000 00976nam a22002657a 4500
005 20240530110415.0
008 150303s2010 ua g 000 0 ara d
017 _a2009/23756
_bمصر . دار الكتب المصرية
020 _a9772088282
040 _aEG-CaGPL
041 0 _aara
082 0 4 _221
_a322.43\
_bع ت
100 0 _aعبدالمنعم منيب
245 1 2 _aالتنظيم و التنظير :
_bتنظيم الجهاد و شبكة القاعدة بين الماضى و الحاضر و المستقبل /
_cعبدالمنعم منيب
250 _aط1
260 _aالقاهرة :
_bمكتبة مدبولى ،
_c2010
300 _a235 ص ؛
_c24 سم
650 0 4 _aتنظيم القاعدة
650 0 4 _aتيار الجهاد
_zالعراق
650 0 4 _aتيار الجهاد
_zمصر
650 0 4 _aتيار الجهاد
650 0 4 _aالاخوان المسلمون
942 _2ddc
_cBK
999 _c60543
_d60543